| 000 | 00793nam a2200229Ia 4500 | ||
|---|---|---|---|
| 003 | GCL | ||
| 008 | 140319s9999 xx 000 0 ara d | ||
| 040 |
_aGCL / _cGCL |
||
| 082 | 0 | 4 |
_a243 _bا ج |
| 100 | 1 | _aابن قيم الجوزية: شمس الدين ابو عبدالله محمد بن ابى بكر | |
| 245 | 1 | 0 |
_aحادى الارواح الى بلاد الافراح / _cابن قيم الجوزية: شمس الدين ابو عبدالله محمد بن ابى بكر |
| 260 |
_a[S.N] : _bمكتبة المتنبى ، _c1994 |
||
| 300 | _a312 ص | ||
| 490 | _a | ||
| 650 | 0 | 4 | _aالجنة |
| 650 | 0 | 4 | _aجهنم |
| 650 | 0 | 4 | _aالبعث |
| 650 | 0 | 4 | _aالملائكة |
| 650 | 0 | 4 | _aالخير والشر |
| 650 | 0 | 4 | _aالحسنات و السيئات |
| 942 |
_2ddc _cBK |
||
| 999 |
_c30758 _d30758 |
||